Brief History of the Human Race (Record no. 221502)
[ view plain ]
| 000 -LEADER | |
|---|---|
| fixed length control field | 01820nam a22002657a 4500 |
| 005 - DATE AND TIME OF LATEST TRANSACTION | |
| control field | 20220214142031.0 |
| 008 - FIXED-LENGTH DATA ELEMENTS--GENERAL INFORMATION | |
| fixed length control field | 220214b ||||| |||| 00| 0 eng d |
| 020 ## - INTERNATIONAL STANDARD BOOK NUMBER | |
| International Standard Book Number | 0393052311 |
| 040 ## - CATALOGING SOURCE | |
| Transcribing agency | AL |
| 041 ## - LANGUAGE CODE | |
| Language code of text/sound track or separate title | eng |
| 082 ## - DEWEY DECIMAL CLASSIFICATION NUMBER | |
| Edition number | 23 |
| Classification number | 930 |
| Item number | COOB |
| 100 ## - MAIN ENTRY--PERSONAL NAME | |
| Personal name | Michael Cook |
| 100 ## - MAIN ENTRY--PERSONAL NAME | |
| 9 (RLIN) | 19705 |
| 245 ## - TITLE STATEMENT | |
| Title | Brief History of the Human Race |
| 260 ## - PUBLICATION, DISTRIBUTION, ETC. | |
| Place of publication, distribution, etc. | New York |
| Name of publisher, distributor, etc. | W W Norton & Company |
| Date of publication, distribution, etc. | 2003 |
| 300 ## - PHYSICAL DESCRIPTION | |
| Extent | xxiv,385 p. |
| Other physical details | HB |
| Dimensions | 21x14 cm. |
| 365 ## - TRADE PRICE | |
| Price amount | 26.95 |
| Currency code | $ |
| Unit of pricing | 26.95 |
| 520 ## - SUMMARY, ETC. | |
| Summary, etc. | A global account of how and why human history unfolded as it did from the rise of agriculture to the fall of the Twin Towers. Why has human history been crowded into the last few thousand years? Why has it happened at all? Could it have happened in a radically different way? What should we make of the disproportionate role of the West in shaping the world we currently live in? This witty, intelligent hopscotch through human history addresses these questions and more. Michael Cook sifts the human career on earth for the most telling nuggets and then uses them to elucidate the whole. From the calendars of Mesoamerica and the temple courtesans of medieval India to the intricacies of marriage among an aboriginal Australian tribe, Cook explains the sometimes eccentric variety in human cultural expression. He guides us from the prehistoric origins of human history across the globe through the increasing unification of the world, first by Muslims and then by European Christians in the modern period, illuminating the contingencies that have governed broad historical change. |
| 650 ## - SUBJECT ADDED ENTRY--TOPICAL TERM | |
| Topical term or geographic name entry element | Neolithic Revolution |
| 9 (RLIN) | 19706 |
| 650 ## - SUBJECT ADDED ENTRY--TOPICAL TERM | |
| Topical term or geographic name entry element | Paleollthic Background |
| 9 (RLIN) | 19707 |
| 650 ## - SUBJECT ADDED ENTRY--TOPICAL TERM | |
| Topical term or geographic name entry element | Islamic Civilization |
| 9 (RLIN) | 19708 |
| 650 ## - SUBJECT ADDED ENTRY--TOPICAL TERM | |
| Topical term or geographic name entry element | European Expansion |
| 9 (RLIN) | 19709 |
| 650 ## - SUBJECT ADDED ENTRY--TOPICAL TERM | |
| Topical term or geographic name entry element | Modern World |
| 9 (RLIN) | 19710 |
| 700 ## - ADDED ENTRY--PERSONAL NAME | |
| Personal name | COOK (Michael) |
| 9 (RLIN) | 19711 |
| 942 ## - ADDED ENTRY ELEMENTS (KOHA) | |
| Source of classification or shelving scheme | Dewey Decimal Classification |
| Koha item type | George Fernandes Collections |
| Withdrawn status | Lost status | Source of classification or shelving scheme | Damaged status | Not for loan | Collection code | Home library | Current library | Date acquired | Total Checkouts | Full call number | Barcode | Date last seen | Date last checked out | Price effective from | Koha item type |
|---|---|---|---|---|---|---|---|---|---|---|---|---|---|---|---|
| Dewey Decimal Classification | History | St Aloysius Library | St Aloysius Library | 03/24/2013 | 1 | 930 COOB | GF03076 | 11/09/2023 | 10/30/2023 | 02/14/2022 | George Fernandes Collections |